| 000 | 01390cam a22002174a 4500 | ||
|---|---|---|---|
| 005 | 20250605164204.0 | ||
| 008 | 250528s ||||||||||||||||||||||||d | ||
| 035 | _a19857 | ||
| 020 | _a761958525 | ||
| 040 |
_aGR-AtMCL _bgre _dGR-AtMCL _eAACR2 |
||
| 245 | 1 | _aThe Trainee Handbook / A Guide for Counselling and Psychotherapy Trainees | |
| 250 | _a1st | ||
| 260 |
_bSage Publications, _c1999 |
||
| 300 | _a290 | ||
| 520 | _aThis book gives a comprehensive overview and a supportive guide to the practical, technical and administrative issues faced by trainees on counselling, counselling psychology and psychotherapy courses. Introduction, Training Routes for Counsellors and Counselling Psychologists and Psychotherapists, Effective Essay Writing, How to Write a Client Case Study, How to Write a Client Case Study, How to Write a Process Report, Written Communication about Clients, The Clinical Placement in Mental Heath Training, Supervision, Getting the Most out of Personal Therapy, The First Session with a New Client: Five Stages, What Do I Do If? Questions Commonly asked by Trainees, Guidelines for Professional Practice, Psychopharmacology: A Primer, Planning and Conducting and Writing Up Research, A Trainee's Perspective, Preparing for a Job, Index. | ||
| 700 | 1 |
_aBor Robert _96020 |
|
| 700 | 1 |
_aWatts Mary _96021 |
|
| 942 | _cBK | ||
| 999 |
_c5103 _d5103 |
||